Aanandinte novellakal(ആനന്ദിൻെറ നോവെല്ലകൾ) (Record no. 115310)

MARC details
000 -LEADER
fixed length control field 00446 a2200157 4500
005 - DATE AND TIME OF LATEST TRANSACTION
control field 20260417144429.0
008 - FIXED-LENGTH DATA ELEMENTS--GENERAL INFORMATION
fixed length control field 260417b |||||||| |||| 00| 0 eng d
020 ## - INTERNATIONAL STANDARD BOOK NUMBER
International Standard Book Number 9788126451005
080 ## - UNIVERSAL DECIMAL CLASSIFICATION NUMBER
Universal Decimal Classification number FM
Item number ANA/A
100 ## - MAIN ENTRY--PERSONAL NAME
Personal name Anand
245 ## - TITLE STATEMENT
Title Aanandinte novellakal(ആനന്ദിൻെറ നോവെല്ലകൾ)
260 ## - PUBLICATION, DISTRIBUTION, ETC. (IMPRINT)
Name of publisher, distributor, etc D C books
Place of publication, distribution, etc Kottayam
Date of publication, distribution, etc 2024
300 ## - PHYSICAL DESCRIPTION
Extent 488p.
653 ## - INDEX TERM--UNCONTROLLED
Uncontrolled term Fiction-Novel-Malayalam Literature
942 ## - ADDED ENTRY ELEMENTS (KOHA)
item type Books
Holdings
Lost status Source of classification or shelving scheme Not for loan Home library Current library Date acquired Cost, normal purchase price Total Checkouts Full call number Barcode Date last seen Cost, replacement price Price effective from Koha item type Public note
  Universal Decimal Classification Not For Loan University Library University Library 02/03/2026 366.69   FM ANA/A 00097390 02/03/2026 550.00 02/03/2026 Books Processing
University Library, CUSAT